Guess idols' name through picture(PT1) - Statistics

General Stats
  • This quiz has been taken 213 times
    210 since last reset
  • The average score is 59 of 82
Answer Stats
Picture Answer % Correct
JENNIE
100%
LISA
100%
ROSE
100%
JISOO
99%
MOMO
94%
NAYEON
94%
DAHYUN
92%
DANIELLE
92%
JIHYO
92%
SANA
92%
SOYEON
92%
TZUYU
92%
MINA
91%
JEONGYEON
89%
KARINA
89%
KIM CHAEWON
89%
LIA
89%
LILY
89%
MINNIE
89%
YUQI
89%
GISELLE
88%
KAZUHA
88%
NINGNING
88%
WINTER
88%
CHAEYOUNG
87%
HAERIN
87%
HANNI
87%
HONG EUNCHAE
87%
HUH YUNJIN
87%
MIYEON
87%
RYUJIN
87%
SAKURA
87%
SHUHUA
87%
YEJI
87%
YUNA
86%
CHAERYEONG
85%
HWASA
85%
MINJI
85%
WENDY
85%
HYEIN
84%
SEULGI
84%
IRENE
82%
JOY
82%
HAEWON
79%
JANG WONYOUNG
79%
AN YUJIN
78%
LIZ
78%
YERI
78%
BAE
77%
GAEUL
77%
REI
76%
KYUJIN
75%
SOLAR
74%
SULLYOON
74%
JIWOO
73%
LEESEO
72%
MOONBYUL
72%
WHEEIN
66%
HUENING BAHIYYIH
65%
XIAOTING
61%
HIKARU
56%
CHOI YUJIN
53%
ISA
44%
J
44%
KIM CHAEHYUN
44%
MASHIRO
44%
KIM DAYEON
42%
SINB
42%
YOON
42%
UMJI
41%
KANG YESEO
40%
EUNHA
39%
SEEUN
39%
SIEUN
38%
SEO YOUNGEUN
35%
SUMIN
34%
YOOA
28%
MIMI
26%
ARIN
23%
HYOJUNG
16%
SEUNGHEE
15%
YUBIN
15%
No matching quizzes found
Score Distribution
Percent of People with Each Score
Percentile by Number Answered
Your Score History
You have not taken this quiz since the last reset